Time series analysis

Збережено в:
Бібліографічні деталі
Автор: Hamilton, James D (Автор)
Формат: Книга
Мова:Англійська
Опубліковано: Princeton Princeton University 1994
Предмети:
Теги: Додати тег
Немає тегів, Будьте першим, хто поставить тег для цього запису!

MARC

LEADER 00000nam a2200000 a 4500
001 UCI6215
003 CL-VaPUC
008 080425e19940000us |||||||||||||||||eng|d
020 |a 0691042896 
082 0 4 |a 519.55  |b HAM  |2 21 
100 0 |a Hamilton, James D  |e author  |9 528934 
245 1 0 |a Time series analysis 
300 |a 799 p 
942 |c BK 
945 |d 20080425 00:00:00  |a rbrito 
260 |a Princeton  |b Princeton University  |c 1994 
650 0 |a Análisis de series de tiempo   |9 260363 
650 0 |a Análisis estadístico  |9 269506 
650 0 |a Análisis espectral   |9 315304 
650 0 |a Regresión lineal   |9 362689 
583 |a last modification  |c 20171205 04:18:55  |k Rodrigo Vera 
999 |c 329746  |d 329744 
952 |0 0  |1 0  |4 0  |6 519_550000000000000_HAM_1994  |7 0  |8 R  |9 414793  |a BIBGIM  |b BIBGIM  |d 2019-11-22  |i 4433254  |o 519.55 HAM 1994  |p 4433254  |r 2025-01-15  |w 2019-11-22  |y BK_R  |k EST